US States and Capitals Map Quiz - Statistics

General Stats
  • This quiz has been taken 4,966 times
  • The average score is 36 of 50
Answer Stats
State Capital % Correct
California Sacramento
89%
Colorado Denver
88%
Arizona Phoenix
87%
Georgia Atlanta
86%
Hawaii Honolulu
86%
Alaska Juneau
85%
Indiana Indianapolis
84%
Arkansas Little Rock
83%
Massachusetts Boston
82%
Alabama Montgomery
82%
Florida Tallahassee
82%
New York Albany
81%
Idaho Boise
81%
Texas Austin
80%
Louisiana Baton Rouge
78%
Oklahoma Oklahoma City
78%
Delaware Dover
76%
Illinois Springfield
76%
Utah Salt Lake City
75%
Connecticut Hartford
74%
Iowa Des Moines
73%
Tennessee Nashville
73%
New Mexico Santa Fe
73%
Mississippi Jackson
72%
Maine Augusta
71%
Kansas Topeka
71%
Nevada Carson City
70%
Montana Helena
70%
Minnesota Saint Paul
70%
Maryland Annapolis
69%
Ohio Columbus
69%
Oregon Salem
69%
Michigan Lansing
68%
Kentucky Frankfort
67%
Nebraska Lincoln
67%
Washington Olympia
67%
New Jersey Trenton
67%
Rhode Island Providence
66%
North Carolina Raleigh
66%
Pennsylvania Harrisburg
63%
Missouri Jefferson City
63%
South Dakota Pierre
62%
Virginia Richmond
62%
Wyoming Cheyenne
61%
Wisconsin Madison
60%
North Dakota Bismarck
59%
South Carolina Columbia
59%
New Hampshire Concord
58%
Vermont Montpelier
58%
West Virginia Charleston
57%
No matching quizzes found
Score Distribution
Percent of People with Each Score
Percentile by Number Answered
Your Score History
You have not taken this quiz